| 000 | 00766nam a2200253 a 4500 | ||
|---|---|---|---|
| 999 |
_c1737 _d1737 |
||
| 007 | ta | ||
| 008 | 200117t2000 xxuad||g |||| 00| 0 eng d | ||
| 020 | _a9780821347089 | ||
| 040 |
_aKO _beng |
||
| 041 | 0 | _aeng | |
| 044 | _axxu | ||
| 082 | 0 | 4 |
_223 _a338.926091724 _bB7302 |
| 245 | 1 | 0 |
_aIntellectual Property Rights and Economic Development / _cCarlos A. Primo Braga...[et al.] |
| 260 |
_aWashington D. C. : _bThe World Bank , _c2000 . |
||
| 300 |
_aix , 57 p. : _bill., Charts. ; _c28 cm. |
||
| 490 | 0 | _aWorld Bank Discussion Paper No. 412 ; | |
| 650 | 0 |
_aEconomic development _vTextbooks |
|
| 700 |
_aPrimo Braga, Carlos A. _eaut |
||
| 700 |
_aFink, Carsten _eaut |
||
| 700 |
_aSepulveda, Claudia Paz _eaut |
||
| 904 | _aReshma_R | ||
| 942 | _cRT | ||